Quiz sur la Normandie - Statistiques

Statistiques générales
  • Ce quiz a été pris 54 fois
  • Le résultat moyen est 11 sur 15
Statistiques - réponses
Questions Réponses % Correct
Combien y-a t'il de départements ? 5
100%
Cite une région française frontalière de la région Bretagne | Pays-de-la-Loire | Centre-Val-de-Loire | Île-de-France | Hauts-de-France
100%
Quelle ville est souvent considéré comme la 2e capitale de la région ? Caen
100%
Quelle est la ville la plus peuplé ? Le Havre
96%
Quel est la capitale de la Normandie ? Rouen
96%
Quelle commune est connue pour ses falaises de craie blanche hautes de plus de 90 mètres ? Étretat
90%
Quel fromage normand est connu pour sa forme ronde et sa croûte blanche ? le Camembert
88%
Quel rappeur normand, qui a notamment percé avec "Changement", est né à Alençon et a grandi dans la ville précédente ? Aurélien Cotentin (Orelsan)
83%
Quelle est la population (au million près) ? 3,3 millions
79%
Quel seigneur normand a envahi l'Angleterre en 1066 ? Guillaume le Conquérant
73%
Cite un territoire historiquement normand aujourd'hui sous contrôle britanique Jersey et Guernesey
73%
Quel batiment, doublement inscrit à l’UNESCO, est situé en Normandie mais est revendiqué par les bretons ? Abbaye du Mont-Saint-Michel
48%
Quel était le nom de code du débarquement ayant eu lieu le 6 juin 1944 ? Overlord
33%
En quelle année le chef viking Rollon est-il à l'origine de l'acte fondateur du duché de Normandie (à 10 ans près) ? 911
15%
Quel scientifique Saint-Lois est mondialement connu pour avoir découvert la planète Neptune par le calcul en 1846 ? Urbain Le Verrier
6%
Aucun quiz correspondant
Distribution des résultats
% des personnes avec chaque résultat
Percentile par nombre de réponses
Votre historique - résultats
Vous n’avez pas pris ce quiz